Detalles MARC
| 000 -CABECERA |
| Longitud fija campo de control |
01662nam a2200385 4500 |
| 003 - • IDENTIFICADOR DELl NÚMERO DE CONTROL |
| Identificador del número de control |
CO-BoRNBP |
| 005 - • FECHA Y HORA DE LA ÚLTIMA TRANSACCIÓN |
| Fecha y hora de la última transacción |
20250929225635.0 |
| 007 - • CAMPO FIJO DE DESCRIPCIÓN FÍSICA |
| Campo fijo de descripción física |
ta |
| 008 - • CÓDIGOS DE INFORMACIÓN DE LONGITUD FIJA |
| Códigos de información de longitud fija |
971113s1996 sp | ||| ||spa |
| 017 ## - NÚMERO DE COPYRIGHT O DE DEPÓSITO LEGAL |
| Número de copyright o de depósito legal |
M 26693-1996 |
| Agencia que asigna el número |
Oficina Depósito Legal Madrid |
| 020 ## - • NÚMERO INTERNACIONAL NORMALIZADO PARA LIBROS |
| Número Internacional Normalizado para Libros (ISBN) |
8471124106 |
| 040 ## - FUENTE DE LA CATALOGACIÓN |
| Centro catalogador de origen |
SpMaBN |
| Lengua de catalogación |
spa |
| Centro transcriptor |
SpMaBN |
| Normas de descripción |
rdc |
| 041 1# - • CÓDIGO DE LENGUA |
| Código de lengua del texto/banda sonora o título independiente |
spa |
| Código de lengua original |
fre |
| 080 ## - NÚMERO DE LA CLASIFICACIÓN DECIMAL UNIVERSAL |
| Número de la Clasificación Decimal Universal |
37.013 |
| 100 1# - • PUNTO DE ACCESO PRINCIPAL-NOMBRE DE PERSONA |
| Nombre de persona |
Freinet, Célestin |
| Fechas asociadas al nombre |
1896-1966 |
| 243 10 - TÍTULO UNIFORME COLECTIVO |
| Título uniforme |
<a href="Obra selecta">Obra selecta</a> |
| Lengua de la obra |
Español |
| 245 13 - • TITULO PROPIAMENTE DICHO |
| Título |
La escuela moderna francesa |
| Medio |
[Texto impreso] : |
| Resto del título |
guía práctica para la organización material, técnica y pedagógica de la escuela popular ; Una pedagogía moderna de sentido común : Los dichos de Mateo ; Las invariantes pedagógicas |
| Mención de responsabilidad, etc. |
Célestin Freinet ; prólogo a la edición espñola por Herminio Barreiro ; [traducción, Equipo Táramo] |
| 250 ## - • MENCIÓN DE EDICIÓN |
| Mención de edición |
1a. edición |
| 300 ## - • DESCRIPCIÓN FÍSICA |
| Extensión |
266 p. |
| Dimensiones |
24 cm |
| 336 ## - TIPO DE CONTENIDO |
| Fuente |
rdacontent |
| Término de tipo de contenido |
texto |
| Código de tipo de contenido |
txt |
| 337 ## - TIPO DE MEDIO |
| Fuente |
rdamedia |
| Nombre del tipo de medio |
sin mediación |
| Código del tipo de medio |
n |
| 338 ## - TIPO DE SOPORTE |
| Fuente |
rdacarrier |
| Nombre del tipo de soporte |
volumen |
| Código del tipo de soporte |
nc |
| 650 #7 - • PUNTO DE ACCESO ADICIONAL DE MATERIA - TÉRMINO DE MATERIA |
| Término de materia o nombre geográfico como elemento inicial |
Método Freinet |
| Fuente del encabezamiento o término |
embne |
| 740 4# - • PUNTO DE ACCESO ADICIONAL - TÍTULO RELACIONADO O ANALÍTICO NO CONTROLADO |
| Título relacionado o analítico no controlado |
Una pedagogía moderna de sentido común. |
| 740 4# - • PUNTO DE ACCESO ADICIONAL - TÍTULO RELACIONADO O ANALÍTICO NO CONTROLADO |
| Título relacionado o analítico no controlado |
Las invariantes pedagógicas. |
| 942 ## - ENTRADA DE ELEMENTOS AGREGADOS (KOHA) |
| Fuente de clasificaión o esquema |
Dewey Decimal Classification |
| Koha [por defecto] tipo de item |
LIbro |
| 956 ## - LOCALIZACIÓN Y ACCESO ELECTRÓNICO LOCAL (OCLC) |
| Nombre de la fuente |
2 |
| 980 ## - EQUIVALENCIA O SECCIÓN-REFERENCIA-INFORME SERIES--NOMBRE / TÍTULO DE PERSONA [LOCAL, CANADA] |
| Nombre personal |
M 26693-1996 |
| -- |
SpMaBN |
| Numeración |
BNALCALA |
| Atributo cualificador |
10/38691 |
| T&íacute;tulos u otras palabras asociadas a nombre |
SG_PETANTI |
| 980 ## - EQUIVALENCIA O SECCIÓN-REFERENCIA-INFORME SERIES--NOMBRE / TÍTULO DE PERSONA [LOCAL, CANADA] |
| Nombre personal |
M 26693-1996 |
| -- |
SpMaBN |
| Numeración |
BNALCALA |
| Atributo cualificador |
AHM/223761 |
| T&íacute;tulos u otras palabras asociadas a nombre |
SG_PETANTI |
| 980 ## - EQUIVALENCIA O SECCIÓN-REFERENCIA-INFORME SERIES--NOMBRE / TÍTULO DE PERSONA [LOCAL, CANADA] |
| Nombre personal |
M 39577-1999 |
| -- |
84-7112-410-6 |
| -- |
SpMaBN |
| Numeración |
BNALCALA |
| Atributo cualificador |
AHM/471381 |
| T&íacute;tulos u otras palabras asociadas a nombre |
SG_PETANTI |
| 980 ## - EQUIVALENCIA O SECCIÓN-REFERENCIA-INFORME SERIES--NOMBRE / TÍTULO DE PERSONA [LOCAL, CANADA] |
| Nombre personal |
M 39577-1999 |
| -- |
84-7112-410-6 |
| -- |
SpMaBN |
| Numeración |
BNALCALA |
| Atributo cualificador |
AHM/480993 |
| T&íacute;tulos u otras palabras asociadas a nombre |
SG_PETANTI |
| 980 ## - EQUIVALENCIA O SECCIÓN-REFERENCIA-INFORME SERIES--NOMBRE / TÍTULO DE PERSONA [LOCAL, CANADA] |
| Nombre personal |
M 26693-1996 |
| -- |
SpMaBN |
| Numeración |
BNALCALA |
| Atributo cualificador |
DL/786302 |
| T&íacute;tulos u otras palabras asociadas a nombre |
CONSERVACI |
| 980 ## - EQUIVALENCIA O SECCIÓN-REFERENCIA-INFORME SERIES--NOMBRE / TÍTULO DE PERSONA [LOCAL, CANADA] |
| Nombre personal |
M 39577-1999 |
| -- |
84-7112-410-6 |
| -- |
SpMaBN |
| Numeración |
BNALCALA |
| Atributo cualificador |
DL/992550 |
| T&íacute;tulos u otras palabras asociadas a nombre |
CONSERVACI |